Плазмохимический синтез оксидных композиций из отходов водоподготовки; Перспективы развития фундаментальных наук; Т. 2 : Химия

Bibliografiske detaljer
Parent link:Перспективы развития фундаментальных наук=Prospects of Fundamental Sciences Development: сборник научных трудов XV Международной конференции студентов, аспирантов и молодых ученых, г. Томск, 24-27 апреля 2018 г./ Национальный исследовательский Томский политехнический университет (ТПУ) ; под ред. И. А. Курзиной, Г. А. Вороновой.— , 2018
Т. 2 : Химия.— 2018.— [С. 180-182]
Hovedforfatter: Лихачева Е. С.
Institution som forfatter: Национальный исследовательский Томский политехнический университет Инженерная школа ядерных технологий Отделение ядерно-топливного цикла
Andre forfattere: Каренгин А. А. Алексей Александрович (научный руководитель), Каренгин А. Г. Александр Григорьевич
Summary:Заглавие с экрана
The paper presents the results of thermodynamic modeling of the process of joint plasma treatment of non-combustible and combustible industrial wastes. The compositions of sludge-organic suspensions based on these wastes and regimes providing their energy-efficient joint treatment in air plasma have been determined.
Sprog:russisk
Udgivet: 2018
Fag:
Online adgang:http://earchive.tpu.ru/handle/11683/50756
Format: Electronisk Book Chapter
KOHA link:https://koha.lib.tpu.ru/cgi-bin/koha/opac-detail.pl?biblionumber=627535

MARC

LEADER 00000naa2a2200000 4500
001 627535
005 20240117121019.0
035 |a (RuTPU)RU\TPU\conf\27430 
035 |a RU\TPU\conf\27387 
090 |a 627535 
100 |a 20180912d2018 k y0rusy50 ca 
101 0 |a rus 
102 |a RU 
105 |a y z 100zy 
135 |a drcn ---uucaa 
181 0 |a i  
182 0 |a b 
200 1 |a Плазмохимический синтез оксидных композиций из отходов водоподготовки  |d Plasmachemical synthesis of oxide compositions from water treatment wastes  |f Е. С. Лихачева, А. А. Каренгин  |g науч. рук. А. Г. Каренгин 
203 |a Текст  |c электронный 
300 |a Заглавие с экрана 
320 |a [Библиогр.: с. 182 (6 назв.)] 
330 |a The paper presents the results of thermodynamic modeling of the process of joint plasma treatment of non-combustible and combustible industrial wastes. The compositions of sludge-organic suspensions based on these wastes and regimes providing their energy-efficient joint treatment in air plasma have been determined. 
461 1 |0 (RuTPU)RU\TPU\conf\26928  |t Перспективы развития фундаментальных наук  |l Prospects of Fundamental Sciences Development  |o сборник научных трудов XV Международной конференции студентов, аспирантов и молодых ученых, г. Томск, 24-27 апреля 2018 г.  |o в 7 т.  |f Национальный исследовательский Томский политехнический университет (ТПУ) ; под ред. И. А. Курзиной, Г. А. Вороновой  |d 2018 
463 1 |0 (RuTPU)RU\TPU\conf\26930  |t Т. 2 : Химия  |v [С. 180-182]  |d 2018 
510 1 |a Plasmachemical synthesis of oxide compositions from water treatment wastes  |z eng 
610 1 |a электронный ресурс 
610 1 |a труды учёных ТПУ 
610 1 |a плазмохимический синтез 
610 1 |a оксидные композиции 
610 1 |a отходы 
610 1 |a водоподготовка 
610 1 |a подземные источники 
610 1 |a горючие отходы 
700 1 |a Лихачева  |b Е. С. 
701 1 |a Каренгин  |b А. А.  |c физик  |c инженер-исследователь Томского политехнического университета  |f 1989-  |g Алексей Александрович  |3 (RuTPU)RU\TPU\pers\32973 
702 1 |a Каренгин  |b А. Г.  |c физик  |c доцент Томского политехнического университета, кандидат физико-математических наук  |f 1950-  |g Александр Григорьевич  |4 727  |9 10751 
712 0 2 |a Национальный исследовательский Томский политехнический университет  |b Инженерная школа ядерных технологий  |b Отделение ядерно-топливного цикла  |3 (RuTPU)RU\TPU\col\23554 
801 2 |a RU  |b 63413507  |c 20181005  |g RCR 
856 4 |u http://earchive.tpu.ru/handle/11683/50756 
942 |c BK